| 000 | 00624nam a2200133Ia 4500 | ||
|---|---|---|---|
| 008 | 231221s9999 xx 000 0 und d | ||
| 041 | _aEnglish | ||
| 082 | _aCPEC16-1217 | ||
| 100 | _aNitesh M Soragavi. Prateek P Kulkarni. Rajath Manjunath. Mahadevan, V. | ||
| 245 | 0 | _aVehicle Tracking System And Geo-Fencing | |
| 260 | _c2016 | ||
| 500 | _aVehicle Tracking System And Geo-Fencing Nitesh M Soragavi , Prateek P Kulkarni , Rajath Manjunath , Prof. V Mahadevan Telecommunication Engineering, PES Institute of Technology, Bangalore International Symposium on Microwaves , , NIMHANS, Bangalore December 2016 | ||
| 942 | _cIR | ||
| 999 |
_c233769 _d233769 |
||